Quel adversaire se cache derrière ces photos du LOSC ? - Statistiques

Statistiques générales
  • Ce quiz a été pris 44 fois
  • Le résultat moyen est 11 sur 20
Statistiques - réponses
Par images Réponse % Correct
Lens
100%
Marseille
94%
Marseille
83%
Bologne
81%
Reims
81%
Troyes
78%
Montpellier
75%
Rennes
69%
Milan
61%
Strasbourg
61%
Nantes
58%
Nantes
58%
Valence
53%
Bordeaux
47%
Lorient
39%
Lorient
39%
Nice
36%
Fenerbahce
19%
Red Star
8%
Istres
6%
Aucun quiz correspondant
Distribution des résultats
% des personnes avec chaque résultat
Percentile par nombre de réponses
Votre historique - résultats
Vous n’avez pas pris ce quiz